| 000 | 00367cam a2200157ua 4500 | ||
|---|---|---|---|
| 041 |
_aeng _h |
||
| 082 |
_a338.522 _bAND/FA |
||
| 100 | _aAndrews, P.W.S . | ||
| 245 |
_aFair trade / _cP.W.S Andrews. _hTextual Documents |
||
| 260 |
_a : _bMacMillan , _c1960. |
||
| 300 | _a ; . | ||
| 504 | _a | ||
| 700 | 1 | _aRriday, Frank.A . | |
| 942 | _cBK | ||
| 999 |
_c2120 _d2120 |
||